Представление документа в формате MARC21

Поле Инд. ПП Название Значение
Тип записи m
Библиографический уровень m
001 Контрольный номер d77062fa5f7149bda488b562ccc6ab97
005 Дата корректировки 20190528103203.1
008 Кодируемые данные 161230|||||||||ru |||||||||||||||||rus||
040 b Код языка каталог. rus
041 0_ a Код языка текста rus
084 a Индекс другой классификации/Индекс ББК 20+3я431
090 x Авторский знак Н 34
245 10 a Заглавие Наука - производству
b Продолж. заглавия материалы междунар. науч.-практ. конф., Мурманск, 22-25 марта 2016 г.
c Ответственность Федер. агентство по рыболовству, ФГБОУ ВО "Мурман. гос. техн. ун-т", Мор. ин-т ; редкол.: А. Б. Власов [и др.]
h Физич. носитель Электронный ресурс
256 a Характеристики компьютерного файла Электрон. текстовые дан. (1 файл : 21,5 Мб)
260 a Место издания Мурманск
b Издательство Изд-во МГТУ
c Дата издания 2016
500 a Примечание Доступ из локальной сети Мурман. гос. техн. ун-та. - Загл. с экрана. - Имеется печ. аналог 2016 г.
583 1_ x Служебное примечание Полнотекстовые документы
x Служебное примечание Труды преподавателей МГТУ
650 04 a Основная рубрика Наука-Материалы конференций
653 0_ a Ключевые слова Автоматизация технологических процессов; Безопасность мореплавания; Конференции международные; Конференции научно-практические; Математическое моделирование; Материалы конференций; Нефтегазовая промышленность; Техническая эксплуатация флота; Труды преподавателей МГТУ; Электронные версии
700 12 a Другие авторы Яценко А. А.
700 12 a Другие авторы Власов А. В.
700 12 a Другие авторы Власова А. Р.
700 12 a Другие авторы Власова С. В.
700 12 a Другие авторы Петров В. В.
700 12 a Другие авторы Шапочкин П. Ю.
700 12 a Другие авторы Вотинов М. В.
700 12 a Другие авторы Кутырева А. Н.
700 12 a Другие авторы Скосарев Е. С.
700 12 a Другие авторы Дибров М. Г.
700 12 a Другие авторы Бесько А. В.
700 12 a Другие авторы Ерещенко В. В.
700 12 a Другие авторы Столянов А. В.
700 12 a Другие авторы Ершов М. А.
700 12 a Другие авторы Жук А. А.
700 12 a Другие авторы Мокрозуб А. В.
700 12 a Другие авторы Маслов А. А.
700 12 a Другие авторы Кайченов А. В.
700 12 a Другие авторы Селяков И. Ю.
700 12 a Другие авторы Мухалев В. А.
700 12 a Другие авторы Качала Н. М.
700 12 a Другие авторы Прохоренков А. М.
700 12 a Другие авторы Немтинова Ю. В.
700 12 a Другие авторы Зимнухова Ж. Е.
700 12 a Другие авторы Немтинова К. И.
700 12 a Другие авторы Немтинов К. В.
700 12 a Другие авторы Ремезовский В. М.
700 12 a Другие авторы Смирнов А. А.
700 12 a Другие авторы Степанов А. С.
700 12 a Другие авторы Куранова Л. К.
700 12 a Другие авторы Яценко В. В.
700 12 a Другие авторы Совлуков А. С.
700 12 a Другие авторы Боев Н. В.
700 12 a Другие авторы Рудич А. С.
700 12 a Другие авторы Анисимов А. Н.
700 12 a Другие авторы Борисова Л. Ф.
700 12 a Другие авторы Коробко А. Н.
700 12 a Другие авторы Беднарчик А. А.
700 12 a Другие авторы Попов Ю. А.
700 12 a Другие авторы Пеньковская К. В.
700 12 a Другие авторы Петров С. О.
700 12 a Другие авторы Юдин Ю. И.
700 12 a Другие авторы Холичев С. Н.
700 12 a Другие авторы Литун А. В.
700 12 a Другие авторы Рудкин В. Ф.
700 12 a Другие авторы Сарлаев В. Я.
700 12 a Другие авторы Меньшиков В. И.
700 12 a Другие авторы Бокарева А. В.
700 12 a Другие авторы Маслобоев А. В.
700 12 a Другие авторы Гусев П. Ю.
700 12 a Другие авторы Куралесина Е. В.
700 12 a Другие авторы Качала В. В.
700 12 a Другие авторы Лиштван А. А.
700 12 a Другие авторы Ерохина И. Н.
700 12 a Другие авторы Семакова Е. А.
700 12 a Другие авторы Сергеев А. С.
700 12 a Другие авторы Тимченко В. С.
700 12 a Другие авторы Халиуллина Д. Н.
700 12 a Другие авторы Малыгина С. Н.
700 12 a Другие авторы Быстров В. В.
700 12 a Другие авторы Висков А. Ю.
700 12 a Другие авторы Жулина О. И.
700 12 a Другие авторы Максимова О. А.
700 12 a Другие авторы Ромахова О. А.
700 12 a Другие авторы Хохлова Л. И.
700 12 a Другие авторы Орешкина В. М.
700 12 a Другие авторы Бурзун М. С.
700 12 a Другие авторы Злобин А. В.
700 12 a Другие авторы Кумова Ж. В.
700 12 a Другие авторы Петрова Н. Е.
700 12 a Другие авторы Ефремов Л. В.
700 12 a Другие авторы Петров А. И.
700 12 a Другие авторы Егоров А. А.
700 12 a Другие авторы Петров А. Л.
700 12 a Другие авторы Петрова Е. Н.
700 12 a Другие авторы Радионовская Т. И.
700 12 a Другие авторы Семенов В. П.
700 12 a Другие авторы Сергеев К. О.
700 12 a Другие авторы Григорщук П. А.
700 12 a Другие авторы Опарин М. В.
700 12 a Другие авторы Федич Р. М.
856 40 u URL https://elib.mauniver.ru/2016/SB_16_6.pdf
901 t Тип документа m